00514nam a2200145 a 450000100100000000500170001000800410002702000150006804000250008311100840010824500410019226000670023330000360030050400320033600003439620200930073657.0111004s2000 es 000 0 spa d a8436933990 aDO-SdBNPbspacBNPHU2 aJornadas Europeas de Voluntariado Culturaln(5: 10-12 de mayocSantanderd2000)10aV Jornadas de voluntariado cultural. aMadrid :bMinisterio de Educación Cultural y Deporte,c2000. a227 p. :bil., gráf. ;c2000. aBibliografía : p. 213-214